000
00360nam a2200145Ia 4500
008
090124s9999 xx 000 0 und d
082
_b
134837
245
_a
आषाढमेघ
250
_a
1
260
_b
गोळे रेवती
_c
2007
300
_a
175
630
_a
आषाढमेघ
730
_a
आषाढमेघ
942
_c
BOOK
999
_c
194877
_d
194877